Snímače biologických tlakov : Diplomová práca /

Salvato in:
Dettagli Bibliografici
Autore principale: Beňa, Marek (Autore)
Altri autori: Hollý, Benedikt, 1945- (Relatore della tesi)
Natura: Manoscritto Libro
Pubblicazione: Bratislava : STU v Bratislave FEI, 1997
Soggetti:
Tags: Aggiungi Tag
Nessun Tag, puoi essere il primo ad aggiungerne!!

MARC

LEADER 00000ntm a22000003a 4500
001 stu9894
005 20160719164954.2
008 970626s1997----------------------------d
040 |a STU  |b slo 
041 0
100 1 |a Beňa, Marek  |4 aut 
245 1 |a Snímače biologických tlakov :  |b Diplomová práca /  |c [aut.] Beňa,Marek; Škol. Hollý,Benedikt 
260 |a Bratislava :  |b STU v Bratislave FEI,  |c 1997 
300 |a 83 s 
650 7 |a elektronika  |2 stusub 
700 1 |a Hollý, Benedikt,  |d 1945-  |4 ths  |u E230  |U FEI Fakulta elektrotechniky a informatiky  |T FEI Katedra rádioelektroniky  |X 2074  |U E230  |Y 71  |7 A000002074